| 000 | 00682nam a22001937i 4500 | ||
|---|---|---|---|
| 999 |
_c23654 _d23654 |
||
| 003 | AR-CdUCM | ||
| 008 | 260428b20222022 pe||||| |||| 00| 0 spa d | ||
| 020 | _a978-84-376-4378-6 | ||
| 040 |
_aMUNICIPALIDAD PROVINCIAL DEL CUSCO _cBIBLIOTECA MUNICIPAL DEL CUSCO |
||
| 041 | _hspa | ||
| 082 |
_a985.02 _bZ38 |
||
| 100 |
_aDe Zárate, Agustín _952773 |
||
| 245 | _aHistoria del descubrimiento y conquista del Perú / | ||
| 260 |
_aEspaña: _bEdiciones Cátedra (Grupo Anaya S.A.) _c2022 |
||
| 300 |
_a516 páginas. : _c18x11 cm. |
||
| 505 | _aLa historia de Zárate -- Estructura de la crónica -- Historia y descubrimiento del Perú | ||
| 942 |
_2ddc _cLIBROS |
||
| 945 |
_apbjr _d2022 |
||